Fr. Conceicao Rodrigues College of Engineering

Supply Chain Management (Record no. 34372)

MARC details
000 -LEADER
fixed length control field 00321nam a2200145Ia 4500
082 ## - DEWEY DECIMAL CLASSIFICATION NUMBER
Classification number 658.5
Item number CHO/MEI
100 ## - MAIN ENTRY--PERSONAL NAME
Personal name Chopra/ Sunil/ Meindl/ Peter
245 ## - TITLE STATEMENT
Title Supply Chain Management
260 ## - PUBLICATION, DISTRIBUTION, ETC.
Name of publisher, distributor, etc. Pearson Edu
Place of publication, distribution, etc. Asia
Date of publication, distribution, etc. 2001
300 ## - PHYSICAL DESCRIPTION
Extent 457
546 ## - LANGUAGE NOTE
Language note ENGLISH
654 ## - SUBJECT ADDED ENTRY--FACETED TOPICAL TERMS
Focus term Management
942 ## - ADDED ENTRY ELEMENTS (KOHA)
Koha item type Reference Book
Holdings
Withdrawn status Lost status Damaged status Not for loan Collection Home library Current library Date acquired Total Checkouts Full call number Barcode Date last seen Price effective from Koha item type Total Renewals Date last checked out
        CRC Fr. Agnel's C.Rodrigues College of Engineering AGNEL TECHNICAL COLLEGE LIBRARY 17/03/2023 1 658.5 CHO/MEI 12072 11/09/2024 17/03/2023 BOOK 1 09/08/2024
        CRC Fr. Agnel's C.Rodrigues College of Engineering Fr. Agnel's C.Rodrigues College of Engineering 17/03/2023   658.5 CHO/MEI 12071 17/03/2023 17/03/2023 Reference Book